000 00440nam a2200169Ia 4500
008 220530s9999 xx 000 0 und d
020 _a978-81-7758-372-4
041 _aeng
082 _a5.117
_bBOO
100 _aBooch, G.
_954336
245 _aUnified Modeling Language User Guide
250 _a1st.
260 _aNew Dellhi
_bPearson
300 _a504 P.
_bPb
700 _a Jacobson, I. Rumbaugh, J.
_954337
906 _a115.5
_bCOMP
999 _c49687
_d49687